00187nam a22000857a 4500020001800000100002800018245001100046260003200057300001200089 a9780689835827 aPhyllis Reynolds Naylor aShiloh aUSAbSimon & Schusterc2000 a137 pgs